| 000 | 00809nab a2200253 u 4500 | ||
|---|---|---|---|
| 001 | 14259 | ||
| 003 | HDC | ||
| 007 | cr bn ---aaaaa | ||
| 008 | 210214c mydr|nes 0 a may d | ||
| 040 | _aHDC | ||
| 100 |
_aAzeli Ali _eauthor _914402 |
||
| 245 | 0 |
_aPelancongan kesihatan Malaysia terbaik / _cby Azeli Ali |
|
| 260 |
_aMalaysia: _bUtusan Malaysia, _c2015 |
||
| 336 |
_atext _2rdacontent |
||
| 337 |
_acomputer _2rdamedia |
||
| 338 |
_aonline resource _2rdacarrier |
||
| 650 |
_ahalal industry _9144 |
||
| 650 |
_atourism _9880 |
||
| 710 | _aUtusan Malaysia | ||
| 856 | _zRequest full-text at [email protected] | ||
| 942 | _2lcc | ||
| 942 | _cNEWS | ||
| 942 | _kNSWC 004558 | ||
| 999 |
_c11575 _d11575 |
||